Cómo interpretar informes financieros : sácale jugo a los números /

Na minha lista:
Detalhes bibliográficos
Autor principal: Tracy, John A. (autor)
Formato: Livro
Idioma:espanhol
Publicado em: México : Limusa, 2001, c2001
Edição:2a edición
Assuntos:
Tags: Adicionar Tag
Sem tags, seja o primeiro a adicionar uma tag!

MARC

LEADER 00000nam^a2200000^a^4500
001 000152748
005 20250521000000.0
009 20260310100255.411
020 |a 968-18-5176-5 
037 |a Acervo ITESO - Biblioteca 
041 |a ESP 
082 |a 658. 1512  |b TRA 
100 |a Tracy, John A.  |e (autor) 
245 1 0 |a Cómo interpretar informes financieros :  |b sácale jugo a los números /  |c J.A. Tracy ; tr. por Hugo Iván Escofié Martínez. 
250 |a 2a edición 
264 4 |a México :  |b Limusa,  |c 2001, c2001 
300 |a 192 p. 
336 |a texto  |b txt  |2 rdacontenido 
337 |a sin mediación  |b n  |2 rdamedio 
338 |a volumen  |b nc  |2 rdasoporte 
500 |a Traducción de: How to Ready a Financial Report: Wringing Vital Signs Out of the Numbers 
649 |a XX 
650 |a Impuestos sobre la Renta 
650 |a Impuestos 
650 |a Depreciación 
650 |a Utilidad (Economía) 
650 |a Flujos de Capital 
650 |a Información Financiera 
650 |a Estados Financieros 
650 |a Costos de Operación 
650 |a Contabilidad Financiera 
650 |a Administración Financiera 
650 |a Contabilidad 
650 |a Finanzas 
650 |a Ciencias Administrativas 
910 |a Fondo General 
920 |a Impresos - Libros 
930 |a Colección General 
905 |a 101 
901 |a 0500081622  |b IT1  |c ACC  |u 20250521 
902 |a https://opac.biblio.iteso.mx/vufind/Record/000152748